000 00684nam a2200241 i 4500
003 DO-SdBNP
005 20240419094751.0
007 ta
008 240419s1977 dr 000 j spa d
040 _aDO-SdBNP
_bspa
_cBNPHU
_erda
082 _bS489
_222
100 1 _aSerulle, Haffe,
_d1947-
_922959
_eautor
245 1 3 _aLa danza de Mingo /
_cHaffe Serulle
264 1 _aSanto Domingo :
_bTaller,
_c1977.
300 _a73 páginas,
_c21 cm.
336 _2rdacontent
_atexto
_btxt
337 _2rdamedia
_asin mediación
_bn
338 _2rdacarrier
_avolumen
_bnc
490 _aBiblioteca Taller
_v77
590 _aInventariado, 2024/ YL
910 _aYLockward
942 _2ddc
_cLBS1
999 _c56462
_d56462